| 000 | 01164cab a2200301 4500 | ||
|---|---|---|---|
| 001 | WB2932-26 | ||
| 008 | 090401t1993 xxu||||| |||| 00| 0 eng d | ||
| 035 | _a(Sirsi) u11559 | ||
| 041 | _aeng | ||
| 245 | _aConservation groups and MPG6 | ||
| 260 | _c1993 | ||
| 350 | _a0 | ||
| 490 |
_aPlanning (for the Natural and Built Environment) _v(1033) 27 August 1993, 10(1) |
||
| 520 | _aA coalition of six conservation groups has written to the DoE to remind the Environment Secretary John Gummer that new guidance on quarrying, expected in the near future, will set the scene for both national and local decision making for many years. | ||
| 650 | _aCAMPAIGN FOR THE PROTECTION OF RURAL WALES | ||
| 650 | _aCOUNCIL FOR BRITISH ARCHAEOLOGY | ||
| 650 | _aCOUNCIL FOR THE PROTECTION OF RURAL ENGLAND | ||
| 650 | _aDRAFT | ||
| 650 | _aMINERAL PLANNING GUIDANCE NOTE 6 | ||
| 650 | _aMINERALS PLANNING GUIDANCE NOTE SIX | ||
| 650 | _aNATIONAL TRUST | ||
| 650 | _aQUARRYING | ||
| 650 | _aROYAL SOCIETY FOR NATURE CONSERVATION | ||
| 650 | _aROYAL SOCIETY FOR THE PROTECTION OF BIRDS | ||
| 690 | _aMINING AND MINERALS | ||
| 942 | _n0 | ||
| 948 | _c04/03/1997 | ||
| 999 |
_c7370 _d7370 |
||